| 000 | 03352cam a2200397 i 4500 | ||
|---|---|---|---|
| 001 | 21401369 | ||
| 003 | BJBSDDR | ||
| 005 | 20231124112727.0 | ||
| 007 | ta | ||
| 008 | 200117s2019 sp b 000 0 spa | ||
| 010 | _a 2019441967 | ||
| 020 | _a9788491236542 | ||
| 035 | _a(SP-BaPL)pu200682207 | ||
| 040 |
_aBJBSDDR _bspa _cBJBSDDR _erda |
||
| 041 | _aspa | ||
| 042 | _apcc | ||
| 050 | 0 | 0 |
_aJC423 _bD383d 2019 |
| 245 | 0 | 3 |
_aLa democracia herida : _bla tormenta perfecta / _cÁlvaro Soto Carmona (coord.). |
| 260 |
_aMadrid : _bMarcial Pons : _bCátedra de Estudios Iberoamericanos Jesús de Polanco, _c2019. |
||
| 300 |
_a455 pages ; _c21 cm. |
||
| 336 |
_atext _btxt _2rdacontent |
||
| 337 |
_aunmediated _bn _2rdamedia |
||
| 338 |
_avolume _bnc _2rdacarrier |
||
| 440 |
_aBiblioteca de gobernanza y derechos humanos ; _933195 _vno.5 |
||
| 504 | _aIncludes bibliographical references. | ||
| 520 | _aEl ciclo político de expansión democrática abierto en 1974 viene mostrando síntomas de agotamiento en los últimos años. Desde comienzos del nuevo milenio han ido apareciendo problemas políticos que se han complicado con la crisis económica y financiera iniciada en el segundo lustro del siglo. La crisis ha tenido un efecto multiplicador de las deficiencias políticas, muy condicionadas por los cambios culturales habidos en las nuevas generaciones. Estamos ante una aceleración del «tiempo histórico». Asistimos a un cuestionamiento de las «verdades» existentes, entre ellas la propia democracia representativa, el funcionamiento del sistema económico, las instituciones, avanzando hacia el unilateralismo, el proteccionismo e incrementándose los egoísmos nacionalistas. Hemos entrado en un ciclo político distinto, resultado de una crisis de «raíces culturales», mucho más intensa y aguda de lo que inicialmente se pudo pensar. A ello se han incorporado formas de protesta diferentes y distintos tipos de acciones colectivas que han roto con los modelos habituales a los que se había acostumbrado la sociedad y que son síntomas de los cambios de valores que se están produciendo. Estaríamos asistiendo a una especie de «tormenta perfecta». Los asuntos que trata este libro tienen una alta volatilidad. Durante la elaboración del mismo fueron surgiendo acontecimientos importantes que obligaron a una revisión de los textos. Ello condiciona su lectura. Los autores forman parte de un conjunto de disciplinas que provienen de las Ciencias Sociales (politólogos y sociólogos) o de las Humanidades (historiadores), pero que tienen un punto de encuentro en la Historia del Tiempo Presente, donde la colaboración entre materias es imprescindible para avanzar en el conocimiento. Abordar el pasado, analizando acontecimientos cercanos en los que las generaciones protagonistas están presentes, es un reto, y más cuando dichos procesos históricos no están concluidos. Es el caso que nos ocupa. | ||
| 650 | 0 | _aDemocracy. | |
| 650 | 0 | _aWorld politics. | |
| 650 | 0 | _aFinancial crises. | |
| 700 | 1 |
_aSoto Carmona, Álvaro. _933196 _eCoordinador. |
|
| 856 | 4 | 2 |
_uhttp://www.puvill.com/toc/9788491236542.pdf _zTable of contents |
| 906 |
_a7 _bcbc _corigres _d2 _encip _f20 _gy-gencatlg |
||
| 942 |
_2lcc _n0 _cBK |
||
| 946 | _irmza | ||
| 999 |
_c120348 _d120348 |
||